| 000 | 00759nas a2200265 4500 | ||
|---|---|---|---|
| 001 | BR2015005191 | ||
| 003 | BR-BrBNA | ||
| 005 | 20231205125717.0 | ||
| 007 | ta | ||
| 008 | 230509b bl.|||p| |||| 00| 00por d | ||
| 040 |
_aBR-BrBNA _bpor _cBiblioteca Nacional de Agricultura |
||
| 041 | _a(Pt) | ||
| 072 | _aE14 | ||
| 100 | 1 | _aLima, A.L. | |
| 100 | 1 | _aCollares, D. | |
| 245 | 1 | _aPrograma capacita multiplicadores na cultura de dendê | |
| 650 | _aDENDE | ||
| 650 | _aOLEO DE PALMA | ||
| 650 | _aPROJETO DE DESENVOLVIMENTO | ||
| 650 | _aPRATICA CULTURAL | ||
| 650 | _aCAPACITACAO | ||
| 773 | 0 |
_tAgroenergia em Revista (Brazil) _xISSN _g(May 2011), v. 2(2) p. 32 _wBR2015005191 |
|
| 909 |
_a202311 _bLúcia _c55 _dLúcia Elande |
||
| 942 |
_2AGRIS _n0 _cANA |
||
| 999 |
_c245706 _d245706 |
||